000 00646nam a2200265Ia 4500
005 20260121114443.0
008 008 260114s9999 xx 000 0 eng d
020 _a9789354640155
037 _aEBOOK
040 _aCRL
040 _beng
040 _cCRL
041 _2eng
041 _aeng
084 _qCRL
100 _aHayes
_9975309
245 0 _aStatistical Digital Signal Processing and Modeling
260 _bWiley
260 _c2021
650 _aElectrical & Electronics
_9975310
856 _uhttps://ebooks.wileyindia.com/product-details/285517
942 _cEBOOK
999 _c1554269
_d1554269